| 000 | 00889nam a2200277 i 4500 | ||
|---|---|---|---|
| 003 | EG-GICUC | ||
| 005 | 20260424085411.0 | ||
| 008 | 260424s1897 fr ||||fr|||| 00| 0 fre d | ||
| 040 |
_aEG-GiCUC _bfre _cEG-GiCUC _dEG-GiCUC _eRda |
||
| 082 | 0 | 4 |
_221 _a343.435 _bBR . E |
| 092 | 0 | 4 | _221 |
| 099 | _aLaw1 10 343.435 BR . E 1897 | ||
| 100 | 1 |
_aBrouardel,P. _eAuteur |
|
| 245 |
_aLes Explosifs Et Les Explosions Au Point De Vue Médico-Légal/ _cP. Brouardel. |
||
| 264 | 1 |
_aParis: _bLibrairie J.-B. Baillière Et Fils, _c1897. |
|
| 300 |
_a272 page ; _c 24 cm. |
||
| 336 |
_2rda contenu _a texte |
||
| 337 |
_2rda medias _aOrdinateur |
||
| 338 |
_2 transporteur rda _a Ressource en ligne |
||
| 546 | _aTexte en français | ||
| 650 | 1 | _aDroit Pénal | |
| 650 | 1 | _aTerrorisme | |
| 856 | 4 | 0 | _uhttps://fll.law.cu.edu.eg/fulltext/bks/B10-10711.pdf |
| 905 | _a59 | ||
| 942 |
_2ddc _n0 _cBK _e21 |
||
| 999 |
_c73263 _d73263 |
||